L'art du contour : le dessin dans l'Égypte ancienne /

محفوظ في:

المؤلف الرئيسي: Andreu-Lanoë, Guillemette (مؤلف)

مؤلف مشترك: Musée du Louvre.

مؤلفون آخرون: Labbé-Toutée, Sophie., Rigault, Patricia.

التنسيق: كتاب

اللغة: French

منشور في: Paris : Louvre éditions, 2013.

الموضوعات:

الوسوم: إضافة وسم

لا توجد وسوم, كن أول من يضع وسما على هذه التسجيلة!

رقم الطلب: NC65 .E3 A537 2013

LEADER 01248nam a22002657a 4500
003 OSt
005 20250901064954.0
008 090303s2013 fr a g b 000 0 fre d
020 |a 9782350314297 
040 |c ARCE Library 
050 1 4 |a NC65 .E3   |b A537 2013 
100 1 |a Andreu-Lanoë, Guillemette,   |e author 
245 1 2 |a L'art du contour :   |b le dessin dans l'Égypte ancienne /   |c catalogue edite sous la direction de Guillemette Andreu-Lanoë ; avec la collaboration de Sophie Labbé-Toutée, de Patricia Rigault. 
264 1 |a Paris :   |b Louvre éditions,   |c 2013. 
300 |a 350 pages :   |b color illustrations ;   |c 31 cm. 
500 |a "Cet ouvrage accompagne l'exposition L'Art du contour. Le dessin dans l'Égypte ancienne présentée à Paris, au musée du Louvre, du 19 avril au 22 juillet 2013 et à Bruxelles, aux Musées royaux d'Art et d'Histoire, du 13 septembre 2013 au 19 janvier 2014" -- p. facing t.p. 
504 |a Includes bibliographical references (pages [338]-[351]) 
650 0 |a Art, Egyptian  |v Exhibitions. 
650 0 |a Drawing, Egyptian  |v Exhibitions. 
700 1 |a Labbé-Toutée, Sophie.  |9 34316 
700 1 |a Rigault, Patricia. 
710 2 |a Musée du Louvre. 
901 |a reviewed 
942 |c BK  |2 lcc 
999 |c 23814  |d 23814